LEADER 00984nmm0-2200325---450- 001 990010022840403321 005 20151214154558.0 035 $a001002284 035 $aFED01001002284 035 $a(Aleph)001002284FED01 035 $a001002284 100 $a20151214d2012----km-y0itay50------ba 101 0 $aita 102 $aIT 105 $a--------000yy 135 $a----------nuu 200 1 $aFitoGest Software$bRisorsa elettronica$ela banca dati degli agrofarmaci$eversione 6.7.8$e3° aggiornamento 2012 210 $aFaenza$cImage Line$d[2012] 215 $aCD-rom 230 $aDati elettronici 327 1 $aCD1: Installazione$aCD2: Etichette 337 $aRequisiti minimi di sistema: Windows XP/2000/Vista/7/8 - Mac OSX (Intgel) - Linus 610 0 $aAgrofarmaci$aSoftware 676 $a632.95$v22$zita 801 0$aIT$bUNINA$gRICA$2UNIMARC 901 $aER 912 $a990010022840403321 952 $a60 CD 244$b13919$fFAGBC 959 $aFAGBC 997 $aUNINA LEADER 01219nam 2200385 450 001 000002293 005 20070503173300.0 100 $a--------d--------km-y0itay0103----ba 101 0 $aeng 102 $aUS 200 1 $aCowper's poems$fby William Cowper 200 1 $a1 $n0004135 210 $aChicago ; New York$cRand, Mc.Nally$d[s.d.] 215 $a396 p.$d21 cm. 676 $a821.6 700 1$aCowper,$bWilliam$0131532 801 0$aIT$bUniversità della Basilicata - B.I.A.$gRICA$2unimarc 912 $a000002293 996 $aCowper's poems$971566 997 $aUNIBAS BAS $aMONLET BAS $aMONOGR BAS $aLETTERE CAT $aLAURINO$b01$c19990825$lBAS01$h1145 CAT $c20000913$lBAS01$h1425 CAT $c20000920$lBAS01$h1829 CAT $c20001010$lBAS01$h1632 CAT $c20050601$lBAS01$h1753 CAT $abatch$b01$c20050718$lBAS01$h1047 CAT $c20050718$lBAS01$h1106 CAT $c20050718$lBAS01$h1136 CAT $c20050718$lBAS01$h1151 CAT $aBATCH$b00$c20070503$lBAS01$h1733 FMT Z30 -1$lBAS01$LBAS01$mBOOK$1BASA1$APolo Storico-Umanistico$2GEN$BCollezione generale$3FM/2778$9FM/2778$62778$5L2778$819990825$f02$FPrestabile Generale